[Event "SRB-chT3 North CS"]
[Site "Sabac"]
[Date "2014.10.02"]
[Round "1.2"]
[White "Kajtaz, Dimitrije"]
[Black "Rikalovic, Dimitrije"]
[Result "0-1"]
[WhiteElo "1668"]
[BlackElo "1968"]
[PlyCount "48"]
[EventDate "2014.10.02"]
[EventType "team-swiss"]
[EventRounds "6"]
[EventCountry "SRB"]
[SourceTitle "EXT 2021"]
[Source "ChessBase"]
[SourceDate "2020.10.23"]
[SourceVersion "1"]
[SourceVersionDate "2020.10.23"]
[SourceQuality "1"]

1. e4 c6 2. d4 g6 3. Bc4 d5 4. exd5 cxd5 5. Bb5+ Bd7 6. Bxd7+ Qxd7 7. Nf3 Nc6 8. 0-0 Bg7 9. Nc3 Nf6 10. Ne5 Qd8 11. Be3 e6 12. Nxc6 bxc6 13. Bf4 Nd7 14. Qd3 Qb6 15. Ne2 0-0 16. b3 Rac8 17. c4 Qa6 18. Bd6 Rfd8 19. Nf4 c5 20. Be7 Re8 21. cxd5 Qxd3 22. Nxd3 Rxe7 23. d6 Ree8 24. Rac1 Bxd4 0-1

[Event "SRB-chT3 North CS"]
[Site "Serbia"]
[Date "2012.09.22"]
[Round "2.3"]
[White "Rikalovic, Dimitrije"]
[Black "Antic, Nenad"]
[Result "0-1"]
[WhiteElo "1956"]
[BlackElo "2025"]
[PlyCount "108"]
[EventDate "2012.09.21"]
[EventType "team"]
[EventRounds "10"]
[EventCountry "SRB"]
[SourceTitle "EXT 2015"]
[Source "ChessBase"]
[SourceDate "2014.11.20"]
[SourceVersion "1"]
[SourceVersionDate "2014.11.20"]
[SourceQuality "1"]

1. d4 d5 2. Nf3 Nf6 3. Bf4 c5 4. e3 Nc6 5. c3 Qb6 6. Qc1 Bf5 7. Nbd2 h6 8. Be2 e6 9. 0-0 Be7 10. Rd1 0-0 11. dxc5 Bxc5 12. Nb3 Be7 13. Bd3 Bg4 14. Nbd4 Nxd4 15. exd4 Bxf3 16. gxf3 Nh7 17. Kh1 Ng5 18. Rg1 Nh3 19. Rg2 Nxf4 20. Qxf4 Bg5 21. Qg3 Rfc8 22. f4 Bf6 23. Rb1 Qa5 24. a3 b5 25. Qh3 Kf8 26. Rbg1 Qc7 27. Qf3 Rab8 28. f5 e5 29. dxe5 Qxe5 30. Rd1 d4 31. cxd4 Qxd4 32. Bxb5 Qxb2 33. a4 Qe5 34. Rgg1 Rc3 35. Qd5 Qf4 36. Qd6+ Qxd6 37. Rxd6 Rh3 38. Rg3 Rh5 39. Rd5 Rc8 40. Kg2 g6 41. Be2 Rxf5 42. Rxf5 gxf5 43. Bd3 f4 44. Rf3 Be5 45. Bb5 Ke7 46. Rd3 Bd6 47. Rh3 Rg8+ 48. Kf3 Rg6 49. Bd3 Rf6 50. Rh5 Bb4 51. Rf5 Rd6 52. Bc4 f6 53. Rxf4 a5 54. Re4+ Kf8 0-1

[Event "SRB-chT3 North CS"]
[Site "Serbia"]
[Date "2012.09.21"]
[Round "1.1"]
[White "Sajic, Velibor"]
[Black "Rikalovic, Dimitrije"]
[Result "1-0"]
[WhiteElo "2139"]
[BlackElo "1956"]
[PlyCount "62"]
[EventDate "2012.09.21"]
[EventType "team"]
[EventRounds "10"]
[EventCountry "SRB"]
[SourceTitle "EXT 2015"]
[Source "ChessBase"]
[SourceDate "2014.11.20"]
[SourceVersion "1"]
[SourceVersionDate "2014.11.20"]
[SourceQuality "1"]

1. d4 Nf6 2. Nf3 g6 3. g3 Bg7 4. Bg2 0-0 5. 0-0 d5 6. c4 c6 7. Nc3 a6 8. b3 Ne4 9. Bb2 Nxc3 10. Bxc3 dxc4 11. bxc4 c5 12. Rc1 cxd4 13. Bxd4 Bxd4 14. Nxd4 Qc7 15. Qb3 Nd7 16. Rfd1 Nc5 17. Qe3 Rb8 18. h4 e5 19. Nf3 f6 20. Qh6 Be6 21. Ne1 e4 22. Rd4 Rbd8 23. Nc2 f5 24. h5 Bf7 25. hxg6 hxg6 26. f4 Rxd4 27. Nxd4 Rd8 28. e3 Nd3 29. Rf1 Qxc4 30. Nxf5 gxf5 31. Qg5+ Kh7 1-0